Taxco (Record no. 9724)

MARC details
000 -CABECERA
campo de control de longitud fija 00634nam a2200205 a 4500
001 - NÚMERO DE CONTROL
campo de control BRL_912
005 - FECHA Y HORA DE LA ÚLTIMA TRANSACCIÓN
campo de control 20190320210942.0
008 - DATOS DE LONGITUD FIJA--INFORMACIÓN GENERAL
campo de control de longitud fija 241013s1950----mx-a######---#000-0#eng-#
041 ## - CÓDIGO DE LENGUA
Código de lengua del texto/banda sonora o título independiente eng
044 ## - CÓDIGO DEL PAÍS DE LA ENTIDAD EDITORA/PRODUCTORA
Código MARC del país mx
050 #4 - SIGNATURA TOPOGRÁFICA DE LA BIBLIOTECA DEL CONGRESO
Número de clasificación F1391.T23
Número de documento/Ítem .C67 1950
100 1# - ENTRADA PRINCIPAL--NOMBRE DE PERSONA
Nombre de persona Cortés de Figueroa, Leslie
9 (RLIN) 25307
245 10 - MENCIÓN DE TÍTULO
Título Taxco
Resto del título the enchanted city; a handbook for tourists
Mención de responsabilidad, etc. by Leslie Cortés de Figueroa.
260 ## - PUBLICACIÓN, DISTRIBUCIÓN, ETC.
Lugar de publicación, distribución, etc. México
Nombre del editor, distribuidor, etc. Editorial Fischgrund
Fecha de publicación, distribución, etc. 1950
300 ## - DESCRIPCIÓN FÍSICA
Extensión 88 p.
Otras características físicas il., mapas, láminas
Dimensiones 20 cm.
500 ## - NOTA GENERAL
Nota general Au1073
651 #4 - PUNTO DE ACCESO ADICIONAL DE MATERIA--NOMBRE GEOGRÁFICO
Nombre geográfico Taxco (Guerrero)
Subdivisión de forma Guías de viajeros
Subdivisión general Descripción y viajes
9 (RLIN) 25308
902 ## - CATALOGADOR
Iniciales GRL
942 ## - ELEMENTOS DE PUNTO DE ACCESO ADICIONAL (KOHA)
Fuente del sistema de clasificación o colocación Library of Congress Classification
Tipo de ítem Koha Libros
Holdings
Estado de retiro Estado de pérdida Estado dañado No para préstamo Localización permanente Ubicación/localización actual Fecha de adquisición Número de inventario Total de préstamos Signatura topográfica completa Código de barras Fecha visto por última vez Precio válido a partir de Tipo de ítem Koha
El ejemplar forma parte de la colección y puede ser consultado según las políticas vigentes.       Biblioteca Centro de Estudios Ruth D. Lechuga Biblioteca Centro de Estudios Ruth D. Lechuga 24/10/2013 Au1073   F1391.T23 .C67 1950 (Au1073) GRL00990 22/03/2019 22/03/2019 Libros